Statistics for Can you list all Marina and the Diamonds songs?

Click here to take the quiz!

General Stats

  • This quiz has been taken 609 times
  • The average score is 39 of 66

Answer Stats

AlbumAnswer% Correct
Electra HeartBubblegum Bitch
89%
The Family JewelsOh No!
86%
FrootFroot
85%
Electra HeartPrimadonna
83%
The Family JewelsAre You Satisfied?
81%
Ancient Dreams in a Modern LandAncient Dreams in a Modern Land
79%
Ancient Dreams in a Modern LandVenus Fly Trap
75%
The Family JewelsHollywood
73%
FrootBlue
72%
The Family JewelsHermit the Frog
72%
Ancient Dreams in a Modern LandMan's World
71%
The Family JewelsGirls
70%
Electra HeartHow to Be a Heartbreaker
70%
Electra HeartTeen Idle
70%
The Family JewelsI Am Not a Robot
69%
Ancient Dreams in a Modern LandPurge the Poison
68%
The Family JewelsShampain
68%
Electra HeartHomewrecker
67%
FrootSavages
66%
FrootHappy
65%
Electra HeartLies
65%
The Family JewelsMowgli's Road
65%
Electra HeartPower & Control
65%
Ancient Dreams in a Modern LandFlowers
64%
Ancient Dreams in a Modern LandGoodbye
62%
The Family JewelsObsessions
62%
Love + FearOrange Trees
62%
Ancient Dreams in a Modern LandI Love You but I Love Me More
61%
The Family JewelsNumb
60%
Electra HeartRadioactive
59%
Electra HeartStarring Role
59%
Electra HeartValley of the Dolls
59%
Ancient Dreams in a Modern LandPandora's Box
58%
Electra HeartSex Yeah
58%
Electra HeartFear and Loathing
56%
FrootGold
56%
Ancient Dreams in a Modern LandNew America
56%
The Family JewelsGuilty
55%
The Family JewelsRootless
55%
The Family JewelsThe Outsider
55%
Love + FearTo Be Human
55%
Love + FearBaby
54%
FrootCan't Pin Me Down
54%
FrootI'm a Ruin
54%
Love + FearKarma
54%
Electra HeartThe State of Dreaming
54%
FrootWeeds
53%
FrootBetter Than That
52%
FrootImmortal
52%
FrootForget
51%
Love + FearHandmade Heaven
50%
FrootSolitaire
50%
Ancient Dreams in a Modern LandHighly Emotional People
49%
Electra HeartHypocrates
47%
Electra HeartLiving Dead
46%
Love + FearSuperstar
44%
Love + FearYou
44%
Love + FearEmotional Machine
43%
Love + FearEnd of the Earth
40%
Love + FearSoft to Be Strong
39%
Love + FearNo More Suckers
37%
Love + FearTrue
36%
Love + FearEnjoy Your Life
34%
Love + FearLife is Strange
34%
Love + FearBelieve in Love
33%
Love + FearToo Afraid
31%

Score Distribution

Percentile by Number Answered

Percent of People with Each Score

Your Score History

You have not taken this quiz